MMF znovu neuspěl
MMF po celosvetovej finančnej kríze a neschopnosť reformovať globálny finančný systém. Dopad programov MMF na chudobu. Pristúpenie na program rozsiahlejšieho odpúšťania dlhov najchudobnejším krajinám.
Gespeichert in:
| 1. Verfasser: | |
|---|---|
| Format: | Buchkapitel |
| Sprache: | Tschechisch |
| Schlagworte: | |
| Tags: |
Keine Tags, Fügen Sie das erste Tag hinzu!
|
MARC
| LEADER | 00000naa$a2200000$$$4500 | ||
|---|---|---|---|
| 001 | 0002394 | ||
| 005 | 20231004071505.0 | ||
| 041 | 0 | |a cze | |
| 044 | |a CZ | ||
| 245 | 1 | 0 | |a MMF znovu neuspěl |c Joseph E. Stiglitz |
| 520 | |a MMF po celosvetovej finančnej kríze a neschopnosť reformovať globálny finančný systém. Dopad programov MMF na chudobu. Pristúpenie na program rozsiahlejšieho odpúšťania dlhov najchudobnejším krajinám. | ||
| 610 | 2 | 0 | |a Medzinárodný menový fond |
| 610 | 2 | 0 | |a programy |
| 100 | 1 | |a Stiglitz, Joseph E. | |